| 000 | 00836cam a2200265 4500 | ||
|---|---|---|---|
| 008 | 090401t1993 xxu||||| |||| 00| 0 eng d | ||
| 020 | _a0113410794 | ||
| 035 | _a(Sirsi) u43490 | ||
| 041 | _aeng | ||
| 050 | _a692.21 | ||
| 110 |
_aHome Office _91239 |
||
| 245 | _aFire Precautions Act 1971: guide to fire precautions in existing places of work that require a fire certificate: factories, offices, shops and railway premises. | ||
| 250 | _aRevised ed. | ||
| 260 |
_aLondon _bHMSO _c1993 |
||
| 300 | _a140p. ; 30cm. | ||
| 350 | _a8.5 | ||
| 650 | _aFIRE CERTIFICATES | ||
| 650 | _aFIRE PRECAUTIONS ACT 1971 | ||
| 650 | _aFIRE PRECAUTIONS | ||
| 650 | _aRAILWAYS | ||
| 690 | _aBUILT ENVIRONMENT-BUILDING STANDARDS-FIRE REGULATIONS | ||
| 710 |
_aUnited Kingdom _bScottish Office _91510 |
||
| 942 | _n0 | ||
| 948 | _c04/03/1997 | ||
| 999 |
_c91341 _d91341 |
||